Методы и средства UML как инструменты проектирования программного обеспечения; Вестник науки Сибири; № 2 (8)
| Parent link: | Вестник науки Сибири: электронный научный журнал/ Томский политехнический университет (ТПУ).— , 2011-.— 2226-0064 № 2 (8).— 2013.— [С. 73-78] |
|---|---|
| Autor Principal: | |
| Outros autores: | , |
| Summary: | Заглавие с титульного листа Рассмотрен процесс разработки программного обеспечения на этапе его проектирования с помощью инструментов графического моделирования в соответствии с объектно-ориентированным подходом. Показано использование инструментария UML на практическом примере. Описаны средства графического моделирования с помощью UML. |
| Idioma: | ruso |
| Publicado: |
2013
|
| Series: | Информационные технологии и системы управления |
| Subjects: | |
| Acceso en liña: | http://earchive.tpu.ru/handle/11683/16404 |
| Formato: | MixedMaterials Electrónico Capítulo de libro |
| KOHA link: | https://koha.lib.tpu.ru/cgi-bin/koha/opac-detail.pl?biblionumber=517785 |
MARC
| LEADER | 00000naa2a2200000 4500 | ||
|---|---|---|---|
| 001 | 517785 | ||
| 005 | 20231101105740.0 | ||
| 035 | |a (RuTPU)RU\TPU\prd\196001 | ||
| 035 | |a RU\TPU\prd\196000 | ||
| 090 | |a 517785 | ||
| 100 | |a 20130919d2013 k y0rusy50 ca | ||
| 101 | 0 | |a rus | |
| 102 | |a RU | ||
| 135 | |a drnn ---uucaa | ||
| 181 | 0 | |a i | |
| 182 | 0 | |a b | |
| 200 | 1 | |a Методы и средства UML как инструменты проектирования программного обеспечения |f А. А. Вичугова, В. Н. Вичугов, Г. П. Цапко | |
| 203 | |a Текст |c электронный | ||
| 215 | |a 1 файл (421 Кб) | ||
| 225 | 1 | |a Информационные технологии и системы управления | |
| 230 | |a Электронные текстовые данные (1 файл : 421 Кб) | ||
| 300 | |a Заглавие с титульного листа | ||
| 320 | |a [Библиогр.: с. 78 (3 назв.)] | ||
| 330 | |a Рассмотрен процесс разработки программного обеспечения на этапе его проектирования с помощью инструментов графического моделирования в соответствии с объектно-ориентированным подходом. Показано использование инструментария UML на практическом примере. Описаны средства графического моделирования с помощью UML. | ||
| 337 | |a Adobe Reader | ||
| 461 | 1 | |0 (RuTPU)RU\TPU\prd\143680 |x 2226-0064 |t Вестник науки Сибири |o электронный научный журнал |f Томский политехнический университет (ТПУ) |d 2011- | |
| 463 | 1 | |0 (RuTPU)RU\TPU\prd\195836 |t № 2 (8) |v [С. 73-78] |d 2013 | |
| 610 | 1 | |a информационные системы | |
| 610 | 1 | |a моделирование | |
| 610 | 1 | |a проектирование | |
| 610 | 1 | |a разработка | |
| 610 | 1 | |a программное обеспечение | |
| 610 | 1 | |a инструменты | |
| 610 | 1 | |a методы | |
| 610 | 1 | |a средства | |
| 610 | 1 | |a UML | |
| 610 | 1 | |a труды учёных ТПУ | |
| 610 | 1 | |a электронный ресурс | |
| 700 | 1 | |a Вичугова |b А. А. |c специалист в области информатики и вычислительной техники |c ассистент кафедры автоматики и компьютерных систем (АИКС) Института кибернетики Томского политехнического университета |f 1986- |g Анна Александровна |2 stltpush |3 (RuTPU)RU\TPU\pers\28982 | |
| 701 | 1 | |a Вичугов |b В. Н. |c специалист в области автоматического управления |c доцент Томского политехнического университета, кандидат технических наук |f 1982- |g Владимир Николаевич |2 stltpush |3 (RuTPU)RU\TPU\pers\25929 | |
| 701 | 1 | |a Цапко |b Г. П. |c специалист в области автоматики и компьютерных систем |c профессор Томского политехнического университета, доктор технических наук |f 1949- |g Геннадий Павлович |2 stltpush |3 (RuTPU)RU\TPU\pers\22020 | |
| 801 | 1 | |a RU |b 63413507 |c 20090623 |g PSBO | |
| 801 | 2 | |a RU |b 63413507 |c 20180115 |g PSBO | |
| 856 | 4 | |u http://earchive.tpu.ru/handle/11683/16404 | |
| 942 | |c BK | ||